[Event "Madrid 2022-2023 ch - Previa A"]
[Site "Madrid ESP"]
[Date "2023.02.14"]
[Round "5.33"]
[White "Calle Trueba, Jose Antonio"]
[Black "Ramos Antona, Enrique"]
[Result "1/2-1/2"]
[WhiteElo "1335"]
[BlackElo "1565"]
[PlyCount "75"]
[EventDate "2023.02.06"]
[EventType "swiss"]
[EventRounds "9"]
[EventCountry "ESP"]
[SourceTitle "Ajedrez en Madrid"]
[Source "lmi"]
[SourceDate "2023.02.06"]
[SourceVersion "1"]
[SourceVersionDate "2023.03.03"]
[SourceQuality "1"]

1. c4 Nf6 2. g3 c6 3. Bg2 e6 4. Nc3 Be7 5. Nf3 d5 6. cxd5 exd5 7. d4 O-O 8. O-O
Nbd7 9. a3 Re8 10. b4 Nb6 11. Nd2 Bf5 12. Na4 Nxa4 13. Qxa4 Qd7 14. Qb3 Bh3 15.
Nf3 Bxg2 16. Kxg2 Ne4 17. Qd3 Bf6 18. e3 a5 19. Bb2 axb4 20. axb4 Qe7 21. Bc3
h6 22. Nd2 Nxc3 23. Qxc3 Qd6 24. Qc5 Qc7 25. Nb3 Be7 26. Qc3 b6 27. b5 c5 28.
Rxa8 Rxa8 29. Ra1 Rc8 30. dxc5 bxc5 31. Qa5 Qxa5 32. Rxa5 Rb8 33. b6 c4 34. Nd4
Rxb6 35. Rxd5 Bf6 36. Rc5 Bxd4 37. exd4 Rb4 38. d5 1/2-1/2

[Event "Madrid 2022-2023 ch - Previa A"]
[Site "Madrid ESP"]
[Date "2023.02.14"]
[Round "5.34"]
[White "Morales Clares, Aaron"]
[Black "Jimenez Manzano, Emiliano"]
[Result "1-0"]
[WhiteElo "1324"]
[BlackElo "1551"]
[PlyCount "33"]
[EventDate "2023.02.06"]
[EventType "swiss"]
[EventRounds "9"]
[EventCountry "ESP"]
[SourceTitle "Ajedrez en Madrid"]
[Source "lmi"]
[SourceDate "2023.02.06"]
[SourceVersion "1"]
[SourceVersionDate "2023.03.03"]
[SourceQuality "1"]

1. e4 c5 2. c3 d6 3. d4 cxd4 4. cxd4 e6 5. Nf3 Nf6 6. Nc3 Be7 7. Bc4 a6 8. O-O
Qc7 9. Bb3 e5 10. dxe5 dxe5 11. Be3 Bg4 12. Nd5 Nxd5 13. Qxd5 O-O 14. Qxe5 Bd6
15. Qg5 Bxf3 16. Bd4 g6 17. Qf6 1-0

[Event "Madrid 2022-2023 ch - Previa A"]
[Site "Madrid ESP"]
[Date "2023.02.14"]
[Round "5.36"]
[White "Reina Cascos, Antonio"]
[Black "Gonzalez Bolado, David"]
[Result "0-1"]
[WhiteElo "1179"]
[BlackElo "1313"]
[PlyCount "106"]
[EventDate "2023.02.06"]
[EventType "swiss"]
[EventRounds "9"]
[EventCountry "ESP"]
[SourceTitle "Ajedrez en Madrid"]
[Source "lmi"]
[SourceDate "2023.02.06"]
[SourceVersion "1"]
[SourceVersionDate "2023.03.03"]
[SourceQuality "1"]

1. d4 Nf6 2. Nf3 g6 3. e3 Bg7 4. Be2 O-O 5. O-O c5 6. dxc5 Nc6 7. Nc3 Qa5 8. a3
Qxc5 9. Qd2 d5 10. b4 Qd6 11. Rb1 e6 12. Bb2 b6 13. Nb5 Qe7 14. c4 Rd8 15. Nbd4
Bb7 16. Nxc6 Bxc6 17. Ne5 Bb7 18. Qc2 Rac8 19. Rfd1 b5 20. c5 a6 21. Ng4 h5 22.
Nxf6+ Bxf6 23. Bxf6 Qxf6 24. Qb2 Qg5 25. f4 Qe7 26. Bf3 Bc6 27. h4 Qxh4 28. Rd4
Qe7 29. Rbd1 Rc7 30. e4 Rcd7 31. e5 Qh4 32. Qf2 Qe7 33. Qg3 Kh7 34. Kf2 Rh8 35.
Rh1 Kg7 36. Bxh5 Rdd8 37. Rh3 Rh6 38. Be2 Rdh8 39. Rxh6 Rxh6 40. Qe3 Qh4+ 41.
Qg3 Qh1 42. Rd1 Qh4 43. Qxh4 Rxh4 44. Kg3 Rh8 45. Bf3 f6 46. Kf2 fxe5 47. fxe5
Rh4 48. g3 Rc4 49. Ra1 Rc3 50. g4 Kh6 51. Ke2 Kg5 52. Kf2 Kf4 53. Ke2 Rxf3 0-1

[Event "Madrid 2022-2023 ch - Previa A"]
[Site "Madrid ESP"]
[Date "2023.02.14"]
[Round "5.38"]
[White "Gomez Prieto, Alonso"]
[Black "Cobos Ramos, Antonio"]
[Result "1-0"]
[WhiteElo "1308"]
[BlackElo "1163"]
[PlyCount "110"]
[EventDate "2023.02.06"]
[EventType "swiss"]
[EventRounds "9"]
[EventCountry "ESP"]
[SourceTitle "Ajedrez en Madrid"]
[Source "lmi"]
[SourceDate "2023.02.06"]
[SourceVersion "1"]
[SourceVersionDate "2023.03.03"]
[SourceQuality "1"]

1. e4 e5 2. d4 exd4 3. c3 dxc3 4. Bc4 cxb2 5. Bxb2 Bb4+ 6. Nc3 Qf6 7. Qb3 Nc6
8. Nf3 Nh6 9. O-O O-O 10. Nd5 Qd6 11. Rad1 Na5 12. Nxb4 Nxb3 13. Rxd6 cxd6 14.
Bxb3 b6 15. Bd5 Rb8 16. Ba3 a5 17. Nc2 Ba6 18. Rb1 Rbc8 19. Rxb6 Bc4 20. Ne3
Bxd5 21. Nxd5 Rfe8 22. h3 Rxe4 23. Bxd6 Nf5 24. Ba3 h6 25. g4 Nd4 26. Nxd4 Kh7
27. Nf5 Ra4 28. Bb2 f6 29. Bxf6 Rc1+ 30. Kg2 gxf6 31. Nxf6+ Kg6 32. Nxd7+ Kg5
33. Rxh6 Rxa2 34. Nf8 Kf4 35. Ng6+ Ke4 36. Ng3+ Kd5 37. Rh5+ Kc4 38. Ne5+ Kb3
39. Nd3 Rcc2 40. Nc5+ Kb2 41. Nge4 a4 42. Rh8 Kc1 43. Ra8 a3 44. Nd3+ Kd1 45.
Nb4 Ke1 46. Nxc2+ Rxc2 47. Rxa3 Ke2 48. Ng3+ Ke1 49. Rf3 Rc4 50. Re3+ Kd1 51.
Re4 Rc3 52. h4 Rc8 53. h5 Rg8 54. h6 Kd2 55. g5 Rh8 1-0

[Event "Madrid 2022-2023 ch - Previa A"]
[Site "Madrid ESP"]
[Date "2023.02.15"]
[Round "6.1"]
[White "Vukotic Jovsic, Dragan"]
[Black "Martin Rodriguez, Emilio"]
[Result "1/2-1/2"]
[WhiteElo "1746"]
[BlackElo "1979"]
[PlyCount "33"]
[EventDate "2023.02.06"]
[EventType "swiss"]
[EventRounds "9"]
[EventCountry "ESP"]
[SourceTitle "Ajedrez en Madrid"]
[Source "lmi"]
[SourceDate "2023.02.06"]
[SourceVersion "1"]
[SourceVersionDate "2023.03.03"]
[SourceQuality "1"]

1. d4 d5 2. Bf4 Nf6 3. Nf3 c5 4. e3 Nc6 5. c3 cxd4 6. exd4 g6 7. Qc1 Bf5 8. Na3
h6 9. Ne5 a6 10. Be2 Bg7 11. Nc2 Rc8 12. Nxc6 Rxc6 13. Nb4 Rc8 14. Nd3 Nd7 15.
Qe3 Qb6 16. Nb4 Qe6 17. O-O 1/2-1/2

[Event "Madrid 2022-2023 ch - Previa A"]
[Site "Madrid ESP"]
[Date "2023.02.15"]
[Round "6.2"]
[White "Vazquez Gonzalez, Jesus"]
[Black "Ruiz Bellon, Manuel"]
[Result "0-1"]
[WhiteElo "1876"]
[BlackElo "1950"]
[PlyCount "72"]
[EventDate "2023.02.06"]
[EventType "swiss"]
[EventRounds "9"]
[EventCountry "ESP"]
[SourceTitle "Ajedrez en Madrid"]
[Source "lmi"]
[SourceDate "2023.02.06"]
[SourceVersion "1"]
[SourceVersionDate "2023.03.03"]
[SourceQuality "1"]

1. e4 c5 2. c3 d5 3. exd5 Qxd5 4. Nf3 Bg4 5. Be2 Nc6 6. d4 cxd4 7. cxd4 e6 8.
Nc3 Bb4 9. O-O Qa5 10. Be3 Nf6 11. Qb3 O-O 12. a3 Bxc3 13. bxc3 Nd5 14. Rac1
Qb6 15. Qd1 Qb2 16. Rb1 Qxa3 17. Rb3 Qa2 18. Bc1 Rfd8 19. c4 Bxf3 20. Rxf3 Nf6
21. Ra3 Qb1 22. Rb3 Qe4 23. d5 exd5 24. cxd5 Nxd5 25. Bd3 Qh4 26. Rxb7 Ndb4 27.
Qb3 Nd5 28. Qb1 a5 29. Re1 Ncb4 30. g3 Qh5 31. Be4 Nc3 32. Qb2 Nxe4 33. Rxe4
Qf3 34. Rbe7 Rd1+ 35. Re1 Rxe1+ 36. Rxe1 Nd3 0-1

[Event "Madrid 2022-2023 ch - Previa A"]
[Site "Madrid ESP"]
[Date "2023.02.15"]
[Round "6.3"]
[White "Moreno Torrero, Javier"]
[Black "Garcia Fernandez, Jesus"]
[Result "0-1"]
[WhiteElo "1889"]
[BlackElo "1910"]
[PlyCount "78"]
[EventDate "2023.02.06"]
[EventType "swiss"]
[EventRounds "9"]
[EventCountry "ESP"]
[SourceTitle "Ajedrez en Madrid"]
[Source "lmi"]
[SourceDate "2023.02.06"]
[SourceVersion "1"]
[SourceVersionDate "2023.03.03"]
[SourceQuality "1"]

1. d4 d5 2. Nf3 Nf6 3. e3 c5 4. b3 Nc6 5. Bb2 Bg4 6. Be2 e6 7. O-O cxd4 8. exd4
Be7 9. Nbd2 O-O 10. h3 Bh5 11. c4 Rc8 12. Rc1 Qd6 13. Ne5 Bxe2 14. Qxe2 Rfd8
15. c5 Qc7 16. f4 g6 17. g4 b6 18. Nxc6 Qxc6 19. b4 Qc7 20. Qe5 Ne8 21. Nf3
bxc5 22. bxc5 Nf6 23. Bc3 Qc6 24. Qe3 Ne4 25. f5 exf5 26. gxf5 Qf6 27. fxg6
hxg6 28. Ne5 Qg5+ 29. Qxg5 Bxg5 30. Rc2 Be3+ 31. Kg2 Nxc3 32. Nxf7 Bxd4 33.
Nxd8 Rxd8 34. Rf4 Be5 35. Rb4 d4 36. c6 Nd5 37. Rc5 Nxb4 38. Rxe5 Nxc6 39. Re6
d3 0-1

[Event "Madrid 2022-2023 ch - Previa A"]
[Site "Madrid ESP"]
[Date "2023.02.15"]
[Round "6.4"]
[White "Garcia Galeote, Lorenzo"]
[Black "Alvarez Abejon, Amilcar"]
[Result "1/2-1/2"]
[WhiteElo "1900"]
[BlackElo "1863"]
[PlyCount "38"]
[EventDate "2023.02.06"]
[EventType "swiss"]
[EventRounds "9"]
[EventCountry "ESP"]
[SourceTitle "Ajedrez en Madrid"]
[Source "lmi"]
[SourceDate "2023.02.06"]
[SourceVersion "1"]
[SourceVersionDate "2023.03.03"]
[SourceQuality "1"]

1. d4 d5 2. Nf3 Nf6 3. c4 e6 4. Nc3 Be7 5. cxd5 exd5 6. Bg5 c6 7. e3 Bf5 8. Bd3
Bxd3 9. Qxd3 O-O 10. O-O Ne4 11. Bxe7 Qxe7 12. Ne5 Nd6 13. a3 a5 14. Na4 f6 15.
Nf3 Nd7 16. Rfc1 Nc4 17. Rc2 f5 18. Nc5 Nxc5 19. dxc5 Ne5 1/2-1/2

[Event "Madrid 2022-2023 ch - Previa A"]
[Site "Madrid ESP"]
[Date "2023.02.15"]
[Round "6.5"]
[White "Rodriguez Garcia, Jose Maria"]
[Black "Fernandez Garcia, Ignacio"]
[Result "0-1"]
[WhiteElo "1977"]
[BlackElo "1824"]
[PlyCount "102"]
[EventDate "2023.02.06"]
[EventType "swiss"]
[EventRounds "9"]
[EventCountry "ESP"]
[SourceTitle "Ajedrez en Madrid"]
[Source "lmi"]
[SourceDate "2023.02.06"]
[SourceVersion "1"]
[SourceVersionDate "2023.03.03"]
[SourceQuality "1"]

1. d4 c5 2. e3 Nf6 3. Bd3 Nc6 4. c3 e5 5. dxc5 e4 6. Bc2 Bxc5 7. b4 Be7 8. Ne2
d5 9. O-O O-O 10. Nd2 Bd6 11. f4 Ng4 12. Nb3 Ne7 13. h3 Nf6 14. Nbd4 Bd7 15.
Bd2 Qc8 16. Kh2 g5 17. Ng1 gxf4 18. exf4 Kh8 19. Be3 Qxc3 20. Qe2 Nf5 21. Nxf5
Bxf5 22. Rfd1 d4 23. Rac1 dxe3 24. Rxd6 Rad8 25. Rcd1 Rxd6 26. Rxd6 Rc8 27. Bb3
Ne8 28. Rd5 Be6 29. Re5 Bxb3 30. axb3 Nf6 31. Qb5 Qc6 32. Qe2 Qb6 33. Qb2 Kg8
34. Ne2 Rd8 35. Rg5+ Kf8 36. Rc5 Qd6 37. g3 Qd1 38. Rc2 Rd2 39. Rxd2 Qxd2 40.
Qxf6 Qxe2+ 41. Kh1 Qd1+ 42. Kh2 e2 43. Qh8+ Ke7 44. Qe5+ Kd7 45. Qf5+ Kc7 46.
Qc5+ Kd7 47. Qf5+ Kd8 48. Qf6+ Kc8 49. Qf5+ Qd7 50. Qxe4 Qe6 51. Qc2+ Kb8 0-1

[Event "Madrid 2022-2023 ch - Previa A"]
[Site "Madrid ESP"]
[Date "2023.02.15"]
[Round "6.6"]
[White "Marin Aso, Jose Luis"]
[Black "Sprenger de la Iglesia, Yevgeni"]
[Result "1/2-1/2"]
[WhiteElo "1865"]
[BlackElo "1823"]
[PlyCount "83"]
[EventDate "2023.02.06"]
[EventType "swiss"]
[EventRounds "9"]
[EventCountry "ESP"]
[SourceTitle "Ajedrez en Madrid"]
[Source "lmi"]
[SourceDate "2023.02.06"]
[SourceVersion "1"]
[SourceVersionDate "2023.03.03"]
[SourceQuality "1"]

1. e4 e6 2. d4 d5 3. Nd2 c5 4. Ngf3 cxd4 5. Nxd4 Nc6 6. c3 Nxd4 7. cxd4 Qb6 8.
Bd3 Qxd4 9. Nf3 Qb4+ 10. Bd2 Qd6 11. e5 Qb6 12. O-O Ne7 13. b4 Nc6 14. b5 Nb8
15. Qa4 Qd8 16. Qg4 h5 17. Qg3 Nd7 18. Rac1 Nc5 19. Bg5 Qd7 20. Be2 Ne4 21. Qf4
Be7 22. Bxe7 Qxe7 23. b6 axb6 24. Bb5+ Kd8 25. Rc2 g5 26. Qe3 Nc5 27. Nxg5 Bd7
28. Be2 f6 29. exf6 Qxf6 30. Rb1 d4 31. Ne4 Qe5 32. Qg5+ Qxg5 33. Nxg5 Rg8 34.
Nf7+ Ke7 35. Ne5 Kf6 36. f4 Rac8 37. Rxb6 Ba4 38. Rc4 d3 39. Nxd3 Nxd3 40. Bxd3
Rxc4 41. Bxc4 Bc6 42. Rb2 1/2-1/2

[Event "Madrid 2022-2023 ch - Previa A"]
[Site "Madrid ESP"]
[Date "2023.02.15"]
[Round "6.7"]
[White "Ciuro Munoz, Ricardo"]
[Black "Arevillca Colque, Jonatan"]
[Result "1/2-1/2"]
[WhiteElo "1860"]
[BlackElo "1765"]
[PlyCount "37"]
[EventDate "2023.02.06"]
[EventType "swiss"]
[EventRounds "9"]
[EventCountry "ESP"]
[SourceTitle "Ajedrez en Madrid"]
[Source "lmi"]
[SourceDate "2023.02.06"]
[SourceVersion "1"]
[SourceVersionDate "2023.03.03"]
[SourceQuality "1"]

1. Nf3 d5 2. g3 c6 3. Bg2 Bf5 4. d3 Nd7 5. Nbd2 Ngf6 6. Nh4 Bg4 7. h3 Bh5 8. g4
Bg6 9. Nxg6 hxg6 10. c4 e6 11. a3 a5 12. b3 Bc5 13. Bb2 Nxg4 14. d4 Nxf2 15.
Kxf2 Qh4+ 16. Ke3 Qg5+ 17. Kf2 Qh4+ 18. Ke3 Qg5+ 19. Kf2 1/2-1/2

[Event "Madrid 2022-2023 ch - Previa A"]
[Site "Madrid ESP"]
[Date "2023.02.15"]
[Round "6.8"]
[White "De Luna Butz, Alberto"]
[Black "Marcos Herrero, Francisco"]
[Result "0-1"]
[WhiteElo "1665"]
[BlackElo "1855"]
[PlyCount "88"]
[EventDate "2023.02.06"]
[EventType "swiss"]
[EventRounds "9"]
[EventCountry "ESP"]
[SourceTitle "Ajedrez en Madrid"]
[Source "lmi"]
[SourceDate "2023.02.06"]
[SourceVersion "1"]
[SourceVersionDate "2023.03.03"]
[SourceQuality "1"]

1. d4 Nf6 2. Bg5 d5 3. e3 Nbd7 4. c4 e6 5. Nc3 Be7 6. Nf3 O-O 7. cxd5 exd5 8.
Bd3 Re8 9. O-O Nf8 10. h3 Ne6 11. Bh4 g6 12. Bxf6 Bxf6 13. b4 Ng5 14. Nxg5 Bxg5
15. Qf3 c6 16. b5 Qd6 17. bxc6 bxc6 18. Rab1 Bd8 19. Rb3 Bc7 20. g3 Bxh3 21.
Rc1 h5 22. Bf1 Bg4 23. Qg2 Kg7 24. Be2 Bf5 25. Na4 Ba5 26. Nc5 Bb6 27. Nd3 Bxd4
28. Nb4 Bc5 29. Nxc6 Rac8 30. Nd4 Bxd4 31. Rxc8 Rxc8 32. exd4 Rc1+ 33. Kh2 h4
34. f4 h3 35. Qf2 Be4 36. Bf3 Rc2 37. Be2 Qd7 38. g4 Qxg4 39. Bxg4 Rxf2+ 40.
Kxh3 Rxa2 41. Rb7 a5 42. Be6 Kf6 43. Bxf7 a4 44. Rd7 Bf5+ 0-1

[Event "Madrid 2022-2023 ch - Previa A"]
[Site "Madrid ESP"]
[Date "2023.02.15"]
[Round "6.9"]
[White "Sanchez Rodriguez, Jaime"]
[Black "Garcia Gonzalez, Pedro A."]
[Result "1-0"]
[WhiteElo "1839"]
[BlackElo "1725"]
[PlyCount "101"]
[EventDate "2023.02.06"]
[EventType "swiss"]
[EventRounds "9"]
[EventCountry "ESP"]
[SourceTitle "Ajedrez en Madrid"]
[Source "lmi"]
[SourceDate "2023.02.06"]
[SourceVersion "1"]
[SourceVersionDate "2023.03.03"]
[SourceQuality "1"]

1. d4 Nf6 2. Bg5 d5 3. e3 c5 4. c3 Nc6 5. f4 Qb6 6. Qc1 Ng4 7. b3 f6 8. Bh4 e5
9. h3 Nh6 10. fxe5 fxe5 11. Nf3 cxd4 12. exd4 e4 13. Nh2 Bd6 14. Qg5 Be7 15.
Qh5+ Nf7 16. Bf2 Be6 17. Qe2 O-O 18. Ng4 Bd6 19. Nd2 Ne7 20. Ne3 Nf5 21. Nxf5
Bxf5 22. g4 Bg6 23. Be3 Bg3+ 24. Kd1 Rac8 25. Rc1 Qa5 26. Qb5 Qxb5 27. Bxb5 Rc7
28. Kc2 Nd6 29. Be2 Bf2 30. Nf1 a6 31. Kd2 b5 32. h4 h6 33. h5 Bh7 34. Rh2 Rcf7
35. Bxf2 Rxf2 36. Rxf2 Rxf2 37. Ne3 Kf8 38. Nxd5 Bg8 39. Nc7 a5 40. Ke3 Rg2 41.
Rf1+ Ke7 42. Na6 Rg3+ 43. Kd2 Rg2 44. Nc5 Bd5 45. Rf4 Rg3 46. Rf1 Rg2 47. Rc1
Rh2 48. Ke3 Rh3+ 49. Kf4 Rh2 50. Re1 a4 51. Kg3 1-0

[Event "Madrid 2022-2023 ch - Previa A"]
[Site "Madrid ESP"]
[Date "2023.02.15"]
[Round "6.10"]
[White "Pashov, Spas Nikolov"]
[Black "Martin-Buitrago Lopez, Antonio"]
[Result "1-0"]
[WhiteElo "1806"]
[BlackElo "1705"]
[PlyCount "79"]
[EventDate "2023.02.06"]
[EventType "swiss"]
[EventRounds "9"]
[EventCountry "ESP"]
[SourceTitle "Ajedrez en Madrid"]
[Source "lmi"]
[SourceDate "2023.02.06"]
[SourceVersion "1"]
[SourceVersionDate "2023.03.03"]
[SourceQuality "1"]

1. e4 e5 2. Nf3 Nc6 3. Bc4 Bc5 4. c3 Nf6 5. d4 exd4 6. cxd4 Bb4+ 7. Bd2 d5 8.
exd5 Nxd5 9. Bxb4 Ncxb4 10. O-O O-O 11. Nc3 Bg4 12. a3 Nb6 13. Bb3 N4d5 14. Qd3
Nf6 15. d5 a6 16. Ne5 Bh5 17. f3 Qd6 18. Rfe1 Rae8 19. f4 Nbd7 20. Ne4 Qb6+ 21.
Kh1 Nxe4 22. Rxe4 Nc5 23. Rb4 Nxd3 24. Rxb6 Nxe5 25. Rxb7 Nd3 26. Rxc7 Rb8 27.
Bc4 Nf2+ 28. Kg1 Rxb2 29. d6 Bg4 30. Re1 Be6 31. d7 Ng4 32. Bxe6 fxe6 33. g3
Rd2 34. Rxe6 Nf6 35. Rxa6 Rxd7 36. Rcc6 Rb8 37. Kf2 Rb2+ 38. Ke3 Ng4+ 39. Ke4
Re2+ 40. Kf3 1-0

[Event "Madrid 2022-2023 ch - Previa A"]
[Site "Madrid ESP"]
[Date "2023.02.15"]
[Round "6.11"]
[White "Becerra Baigorri, Jose"]
[Black "Martin Martin, Luis Vicente"]
[Result "0-1"]
[WhiteElo "1539"]
[BlackElo "1900"]
[PlyCount "110"]
[EventDate "2023.02.06"]
[EventType "swiss"]
[EventRounds "9"]
[EventCountry "ESP"]
[SourceTitle "Ajedrez en Madrid"]
[Source "lmi"]
[SourceDate "2023.02.06"]
[SourceVersion "1"]
[SourceVersionDate "2023.03.03"]
[SourceQuality "1"]

1. e4 d5 2. exd5 Qxd5 3. Nc3 Qa5 4. d4 c6 5. Bd3 Nf6 6. Nf3 Bg4 7. h3 Bh5 8.
Bd2 e6 9. Ne4 Qc7 10. Nxf6+ gxf6 11. g4 Bg6 12. Bxg6 hxg6 13. Qe2 Nd7 14. O-O-O
O-O-O 15. h4 Bh6 16. g5 Bg7 17. gxf6 Nxf6 18. Bg5 Rd5 19. Ne5 Rf8 20. Bxf6 Bxf6
21. f4 Rfd8 22. c3 c5 23. Kb1 Kb8 24. dxc5 Bxe5 25. fxe5 Qxc5 26. Rhf1 R8d7 27.
h5 Rxd1+ 28. Rxd1 Rxd1+ 29. Qxd1 gxh5 30. Qxh5 Qg1+ 31. Kc2 Qg6+ 32. Qxg6 fxg6
33. Kd3 Kc7 34. b4 b5 35. c4 Kc6 36. c5 Kd5 37. Ke3 Kxe5 38. Ke2 Kd5 39. a3 a5
40. Ke3 axb4 41. axb4 e5 42. Kf3 g5 43. Kf2 e4 44. Ke3 Ke5 45. Ke2 g4 46. Kf2
Kf5 47. Kf1 g3 48. Kg2 Kf4 49. c6 e3 50. c7 e2 51. c8=Q e1=Q 52. Qf8+ Ke3 53.
Qc5+ Kd2 54. Qd4+ Kc2 55. Kh3 Qf2 0-1

[Event "Madrid 2022-2023 ch - Previa A"]
[Site "Madrid ESP"]
[Date "2023.02.15"]
[Round "6.12"]
[White "Melero Fernandez, Jose M"]
[Black "Esteban Amo, Jose M."]
[Result "1-0"]
[WhiteElo "1334"]
[BlackElo "1788"]
[PlyCount "107"]
[EventDate "2023.02.06"]
[EventType "swiss"]
[EventRounds "9"]
[EventCountry "ESP"]
[SourceTitle "Ajedrez en Madrid"]
[Source "lmi"]
[SourceDate "2023.02.06"]
[SourceVersion "1"]
[SourceVersionDate "2023.03.03"]
[SourceQuality "1"]

1. e4 c5 2. Nc3 Nc6 3. f4 g6 4. Nf3 Bg7 5. Bc4 e6 6. O-O d6 7. d3 Nge7 8. Bb3
O-O 9. Qe1 Na5 10. e5 d5 11. Bd2 Nxb3 12. axb3 a6 13. Qf2 Qc7 14. Ne2 Bd7 15.
Ng3 Bb5 16. Be3 b6 17. Nh1 d4 18. Bd2 Bc6 19. h4 Qb7 20. Ng3 Bxf3 21. gxf3 Nf5
22. Ne4 h5 23. Ng5 Qd7 24. Rfe1 Rfe8 25. Ne4 Qd8 26. Nd6 Nxd6 27. exd6 Qxd6 28.
Re2 Qd5 29. Rae1 Qf5 30. Qg3 Bf6 31. Kh1 a5 32. Re4 Re7 33. c4 Rae8 34. Re5
Bxe5 35. Rxe5 Qxd3 36. Be1 Kf8 37. Rg5 Qe2 38. Re5 Qd1 39. Kg2 Qxb3 40. Qg5
Qc2+ 41. Bf2 Qd3 42. Qh6+ Kg8 43. Rg5 Qf5 44. Qxh5 Qf6 45. Qg4 Kh7 46. Be1 e5
47. f5 Rg8 48. Kh3 Kg7 49. h5 Rh8 50. Bh4 Kf8 51. fxg6 Qg7 52. Rf5 Rd7 53. Bf6
Qh6 54. g7+ 1-0

[Event "Madrid 2022-2023 ch - Previa A"]
[Site "Madrid ESP"]
[Date "2023.02.15"]
[Round "6.14"]
[White "Lopez Heras, Arturo"]
[Black "Javaloyes Ruiz, Miguel"]
[Result "0-1"]
[WhiteElo "1701"]
[BlackElo "1432"]
[PlyCount "44"]
[EventDate "2023.02.06"]
[EventType "swiss"]
[EventRounds "9"]
[EventCountry "ESP"]
[SourceTitle "Ajedrez en Madrid"]
[Source "lmi"]
[SourceDate "2023.02.06"]
[SourceVersion "1"]
[SourceVersionDate "2023.03.03"]
[SourceQuality "1"]

1. e4 c6 2. d4 d5 3. f3 e6 4. Nc3 Bb4 5. Bf4 Ne7 6. e5 Nd7 7. Bd3 c5 8. Bb5 Qa5
9. Bxd7+ Bxd7 10. Nge2 cxd4 11. Nxd4 Bxc3+ 12. bxc3 Qxc3+ 13. Kf2 Rc8 14. Rb1
b6 15. Re1 Rc4 16. Be3 Ba4 17. Re2 O-O 18. Qd2 Qa3 19. Nb3 Rfc8 20. Qd1 Nf5 21.
Bc1 Qb4 22. Nd2 Qc5+ 0-1

[Event "Madrid 2022-2023 ch - Previa A"]
[Site "Madrid ESP"]
[Date "2023.02.15"]
[Round "6.15"]
[White "Guach Rodriguez, Marco Antonio"]
[Black "Garcia Martin, Esteban"]
[Result "1/2-1/2"]
[WhiteElo "1701"]
[BlackElo "1819"]
[PlyCount "50"]
[EventDate "2023.02.06"]
[EventType "swiss"]
[EventRounds "9"]
[EventCountry "ESP"]
[SourceTitle "Ajedrez en Madrid"]
[Source "lmi"]
[SourceDate "2023.02.06"]
[SourceVersion "1"]
[SourceVersionDate "2023.03.03"]
[SourceQuality "1"]

1. e4 c5 2. Nc3 Nc6 3. g3 g6 4. Bg2 Bg7 5. d3 e5 6. Be3 d6 7. Qd2 Nge7 8. Bh6
O-O 9. h4 f5 10. Bxg7 Kxg7 11. Nge2 Nd4 12. h5 Rf6 13. O-O-O Be6 14. hxg6 Rxg6
15. exf5 Bxf5 16. Rh2 Kg8 17. Rdh1 Rg7 18. Nd5 Nxe2+ 19. Qxe2 Qf8 20. Rh6 Bg6
21. Nxe7+ Qxe7 22. Bd5+ Kh8 23. Qd2 Rf8 24. R1h2 b6 25. Qe3 Rf6 1/2-1/2

[Event "Madrid 2022-2023 ch - Previa A"]
[Site "Madrid ESP"]
[Date "2023.02.15"]
[Round "6.17"]
[White "Rubio Rivera, Felix"]
[Black "Blazquez Sanz, Oscar"]
[Result "0-1"]
[WhiteElo "1476"]
[BlackElo "1886"]
[PlyCount "92"]
[EventDate "2023.02.06"]
[EventType "swiss"]
[EventRounds "9"]
[EventCountry "ESP"]
[SourceTitle "Ajedrez en Madrid"]
[Source "lmi"]
[SourceDate "2023.02.06"]
[SourceVersion "1"]
[SourceVersionDate "2023.03.03"]
[SourceQuality "1"]

1. d4 Nf6 2. c4 g6 3. Nf3 Bg7 4. g3 O-O 5. Bg2 d6 6. O-O Nc6 7. Nc3 Na5 8. b3
c5 9. Bb2 Bd7 10. dxc5 dxc5 11. Ne5 Qc7 12. Nxd7 Qxd7 13. Qxd7 Nxd7 14. Rfd1
Ne5 15. Na4 Rac8 16. Rd5 Nac6 17. f4 Ng4 18. Bxg7 Kxg7 19. Nxc5 Nb4 20. Nd7
Nxd5 21. Nxf8 Nb6 22. Nxh7 Kxh7 23. Bxb7 Rd8 24. c5 Nd5 25. c6 Nc7 26. h3 Ne3
27. a4 Rd1+ 28. Rxd1 Nxd1 29. e4 Kg7 30. g4 Kf6 31. Bc8 e5 32. g5+ Ke7 33. fxe5
Nc3 34. b4 Nxa4 35. Kf2 Nb6 36. Bg4 Nc4 37. Be2 Nxe5 38. b5 Kd6 39. Ke3 Kc5 40.
Kf4 Nc4 41. Bxc4 Kxc4 42. Ke5 Kxb5 43. Kf6 a5 44. Kxf7 a4 45. e5 a3 46. e6 a2
0-1

[Event "Madrid 2022-2023 ch - Previa A"]
[Site "Madrid ESP"]
[Date "2023.02.15"]
[Round "6.18"]
[White "Sotoca Aguado, Jose"]
[Black "Gomez Ramirez, Jorge"]
[Result "1-0"]
[WhiteElo "1790"]
[BlackElo "1298"]
[PlyCount "77"]
[EventDate "2023.02.06"]
[EventType "swiss"]
[EventRounds "9"]
[EventCountry "ESP"]
[SourceTitle "Ajedrez en Madrid"]
[Source "lmi"]
[SourceDate "2023.02.06"]
[SourceVersion "1"]
[SourceVersionDate "2023.03.03"]
[SourceQuality "1"]

1. e4 c6 2. d4 d5 3. Nc3 dxe4 4. Nxe4 Nd7 5. Bc4 Ngf6 6. Ng3 e6 7. Bf4 Nb6 8.
Bb3 Nbd5 9. Bg5 Qa5+ 10. Bd2 Qc7 11. Nf3 c5 12. O-O cxd4 13. Nxd4 a6 14. Re1
Be7 15. c4 Nf4 16. Qf3 Ng6 17. Ba4+ Bd7 18. Bxd7+ Qxd7 19. Bc3 O-O 20. Rad1 Qc7
21. b3 Rac8 22. Bb2 e5 23. Ndf5 Bb4 24. Rf1 Rfd8 25. h3 Rxd1 26. Rxd1 b5 27.
cxb5 axb5 28. Rc1 Qd7 29. Rxc8+ Qxc8 30. Qd3 Qa6 31. a4 h5 32. Qxb5 Qe6 33.
Qxb4 h4 34. Nxh4 Nxh4 35. Qxh4 Qxb3 36. Bxe5 Qd1+ 37. Kh2 Qd2 38. Bxf6 gxf6 39.
Qxf6 1-0

[Event "Madrid 2022-2023 ch - Previa A"]
[Site "Madrid ESP"]
[Date "2023.02.15"]
[Round "6.19"]
[White "Moreno Sabroso, Ruben"]
[Black "Jimenez Gonzalez, Marcos"]
[Result "0-1"]
[WhiteElo "1455"]
[BlackElo "1748"]
[PlyCount "80"]
[EventDate "2023.02.06"]
[EventType "swiss"]
[EventRounds "9"]
[EventCountry "ESP"]
[SourceTitle "Ajedrez en Madrid"]
[Source "lmi"]
[SourceDate "2023.02.06"]
[SourceVersion "1"]
[SourceVersionDate "2023.03.03"]
[SourceQuality "1"]

1. e4 c6 2. d3 d5 3. Nd2 e5 4. Ngf3 Nd7 5. d4 dxe4 6. Nxe4 Ngf6 7. Qe2 Nxe4 8.
Qxe4 Bd6 9. Bd3 f5 10. Qe2 O-O 11. Bc4+ Kh8 12. Ng5 Qe8 13. Ne6 Rf6 14. Ng5 h6
15. Nf3 e4 16. Nd2 Nb6 17. Bb3 Be6 18. Nc4 Nxc4 19. Bxc4 Qf7 20. b3 Bd5 21. O-O
Re8 22. Bxd5 cxd5 23. Bd2 f4 24. f3 e3 25. Bc1 Rg6 26. Bb2 Ree6 27. Kh1 Rg3 28.
h3 Reg6 29. Rg1 Qf5 30. Bc3 R6g5 31. Be1 Rxh3+ 32. gxh3 Qxh3+ 33. Qh2 Qxf3+ 34.
Rg2 Rh5 35. Bh4 g5 36. Kg1 Rxh4 37. Rf1 Qe4 38. Qxh4 gxh4 39. Rh2 f3 40. Rh3
Qg4+ 0-1